Groupes de choses : Japon - Statistiques

Statistiques générales
  • Ce quiz a été pris 130 fois
  • Le résultat moyen est 16 sur 30
Statistiques - réponses
Hint Réponse % Correct
Villes détruites par une bombe atomique Hiroshima
96%
Plus grandes villes Tokyo
96%
Villes détruites par une bombe atomique Nagasaki
90%
Mangas les plus vendus de l'histoire One Piece
90%
Mangas les plus vendus de l'histoire Naruto
88%
Mangas les plus vendus de l'histoire Dragon Ball
81%
Plus grandes villes Osaka
80%
Principales marques de voitures Toyota
76%
Starters de la première génération Pokemon Bulbizarre
67%
Starters de la première génération Pokemon Salamèche
67%
Religions traditionnelles Bouddhisme
65%
Îles principales Hokkaido
65%
Starters de la première génération Pokemon Carapuce
64%
Religions traditionnelles Shintoïsme
60%
Principales marques de voitures Honda
59%
Îles principales Honshu
54%
Principales marques de voitures Suzuki
47%
Îles principales Kyushu
44%
Principales marques de voitures Mitsubishi
43%
Mangas les plus vendus de l'histoire Demon Slayer
40%
Principales marques de voitures Nissan
33%
Îles principales Shikoku
32%
Plus grandes villes Nagoya
29%
Principales marques de voitures Subaru
27%
Mangas les plus vendus de l'histoire Détective Conan
24%
Principales marques de voitures Mazda
19%
Plus grandes villes Yokohama
19%
Principales marques de voitures Lexus
14%
Mangas les plus vendus de l'histoire Doraemon
12%
Mangas les plus vendus de l'histoire Golgo 13
9%
Aucun quiz correspondant
Distribution des résultats
% des personnes avec chaque résultat
Percentile par nombre de réponses
Votre historique - résultats
Vous n’avez pas pris ce quiz